| 000 | 00398nam a2200157 a 4500 | ||
|---|---|---|---|
| 001 | 6240 | ||
| 005 | 20180713190106.0 | ||
| 008 | 140415s1963 000 0 spa d | ||
| 041 | _aspa | ||
| 082 |
_a863 _bMEN |
||
| 100 | 1 | _aMENDIOLA, JOSE MARIA | |
| 245 | 1 | 0 | _aMUERTE POR FUSILAMIENTO |
| 260 |
_a[s.l.] : _bEDICIONES DESTINO, _c1963 |
||
| 300 | _a298 | ||
| 650 | 1 | 4 | _aNOVELA ESPAOLA |
| 999 |
_c6240 _d6240 |
||